000 00616nam a2200229Ia 4500
003 OSt
005 20221005115024.0
006 a|||||r|||| 00| 0
007 ta
008 221004b |||||||| |||| 00| 0 eng d
024 _a36238
037 _cTextual
040 _aCRL
_cCRL
_beng
041 _2eng
_aeng
082 _aN95aN3, G4
100 _aThonssen Lester Co.
_9627002
245 0 _aBibliography of speech education comp with the assistance of Dorothea Thonssen
260 _c1924
650 _aARTS
942 _hN95aN3, G4
_cTEXL
_2cc
999 _c1033205
_d1033205